000 00205 a2200097 4500
001 46572
100 _aHafeez,
245 _aAfkar Hafeez No
260 _aKarachi
_bMaktaba Afkar
_c
090 _c29681
_d29681
942 _aNUST-CAE
_cM
_c21870
999 _c281645
_d281645